Bundesland in Bildern - Niedersachsen - Statistiken

Allgemein
  • Dieses Quiz wurde 61 mal gespielt
  • Das Durchschnittsergebnis liegt bei 7 aus 16
Antwortstatistiken
Bildquiz Antwort % Korrekt
Volkswagen
98%
Hannover 96
92%
Rattenfänger von Hameln
76%
Lüneburger Heide
68%
Wurmberg
54%
Herrenhäuser Gärten
40%
Meyer-Werft
38%
Hildesheimer Dom
34%
Ostfriesentee
32%
Kugelbake
30%
Ostfriesland
30%
Kaiserpfalz Goslar
22%
Okertalsperre
22%
Osnabrücker Rathaus
20%
Expo 2000
12%
Worpswede
10%
Keine übereinstimmenden Quizze gefunden
Verteilung der Resultate
Anzahl Personen mit jedem Resultat
Perzentil nach korrekt beantworteten Fragen
Ihre Resultats-Entwicklung
Sie haben dieses Quiz noch nicht gespielt